Central Library OPAC University of Rajshahi

Urbanism : (Record no. 34537)

MARC details
000 -LEADER
fixed length control field 00733nam a2200253 a 4500
001 - CONTROL NUMBER
control field 34537
003 - CONTROL NUMBER IDENTIFIER
rucl marc code BD-RjUL
005 - DATE AND TIME OF LATEST TRANSACTION
control field 20211209052156.0
008 - FIXED-LENGTH DATA ELEMENTS--GENERAL INFORMATION
fixed length control field 140517s1976 ii b 001 0 eng
035 ## - SYSTEM CONTROL NUMBER
System control number (BD-RjUL)34631
040 ## - CATALOGING SOURCE
Original cataloging agency CAN
Language of cataloging eng
Transcribing agency CAN
Modifying agency XNTU
-- BD-RjUL
041 ## - LANGUAGE CODE
Language code of text/sound track or separate title eng
082 04 - DEWEY DECIMAL CLASSIFICATION NUMBER
Classification number 307.760954
Author mark and year TRU 1976
100 1# - MAIN ENTRY--PERSONAL NAME
Personal name Trivedi, Harshad R.
9 (RLIN) 105048
245 10 - TITLE STATEMENT
Title Urbanism :
Remainder of title a new outlook /
Statement of responsibility, etc. Harshad R. Trivedi ; foreword by Deva Raj.
250 ## - EDITION STATEMENT
Edition statement 1st ed.
260 ## - PUBLICATION, DISTRIBUTION, ETC. (IMPRINT)
Place of publication, distribution, etc. Delhi :
Name of publisher, distributor, etc. Atma Ram,
Date of publication, distribution, etc. 1976.
300 ## - PHYSICAL DESCRIPTION
Pagination xv, 209 p. ;
Size 22 cm.
504 ## - BIBLIOGRAPHY, ETC. NOTE
Bibliography, etc Bibliography: p. [195]-206.and index.
650 #0 - SUBJECT ADDED ENTRY--TOPICAL TERM
Topical term or geographic name as entry element Urbanization
Geographic subdivision India.
9 (RLIN) 105049
Topical term or geographic name as entry element Sociology, Urban.
9 (RLIN) 105050
942 ## - ADDED ENTRY ELEMENTS (KOHA)
Source of classification or shelving scheme Dewey Decimal Classification
Koha item type Books
Holdings
Lost status Source of classification or shelving scheme Damaged status Not for loan Collection code Permanent Location Current Location Shelving location Date acquired Source of acquisition Cost, normal purchase price Total Checkouts Full call number Date last seen Copy number Koha item type
  Dewey Decimal Classification   Not For Loan Non-fiction Central Library, University of Rajshahi Central Library, University of Rajshahi Reading Room 29/09/1978 India Int. Cal. 45.00   307.760954 TRU 1976 17/05/2014 C-1 Books
  Dewey Decimal Classification   Not For Loan Non-fiction Central Library, University of Rajshahi Central Library, University of Rajshahi   13/08/1984 A.B.A. cal. 45.00   307.760954 TRU 1976 11/12/2016 C-2 Books